Молочная промышленность. 2019, № 11 (Запись № 12289350)

Подробности
000 -МАРКЕР
контрольное поле 01548nam2a2200205 4500
001 - ИДЕНТИФИКАТОР ЗАПИСИ
контрольное поле RU\NLR\PER_A\002787467_003490
005 - ИДЕНТИФИКАТОР ВЕРСИИ
контрольное поле 20250623223025.0
035 ## - ДРУГИЕ СИСТЕМНЫЕ НОМЕРА
Идентификатор записи (NLR Aleph) 012185000
100 ## - ДАННЫЕ ОБЩЕЙ ОБРАБОТКИ
Данные общей обработки 20200123d2019 |||y0rusy50 ca
101 0# - ЯЗЫК РЕСУРСА
Язык текста, звукозаписи и т.д. русский
102 ## - СТРАНА ПУБЛИКАЦИИ ИЛИ ПРОИЗВОДСТВА
Страна публикации Российская Федерация
200 0# - ЗАГЛАВИЕ И СВЕДЕНИЯ ОБ ОТВЕТСТВЕННОСТИ
Основное заглавие 2019, № 11
210 ## - ПУБЛИКАЦИЯ, РАСПРОСТРАНЕНИЕ И ДР.
Дата издания, распространения и т.д. 2019
Место издания, распространения и т.д. Б. м.
461 #0 - УРОВЕНЬ НАБОРА
Встроенное поле 001RU\NLR\Per\535171
-- 2001#$aМолочная промышленность$eДвухмес. науч.-техн. и произв. журн.$fРос. гос.-кооп. об-ние мясн. и молоч. пром-сти "Росмясомолпром", Всесоюз. н.-и. и конструкт. ин-т молоч. пром-сти, Ассоц. предприятий молоч. пром-сти по комплекс. перераб. обезжир. молока, пахты и молоч. сыворотки "КООМПАС"$v2019, № 11
Системный номер (АБИС) связанной записи 2461480
Место публикации М.
Дата публикации 1992 -
Первые сведения об ответственности Рос. гос.-кооп. об-ние мясн. и молоч. пром-сти "Росмясомолпром", Всесоюз. н.-и. и конструкт. ин-т молоч. пром-сти, Ассоц. предприятий молоч. пром-сти по комплекс. перераб. обезжир. молока, пахты и молоч. сыворотки "КООМПАС"
Имя издателя, распространителя и т.д. Колос
Сведения, относящиеся к заглавию Двухмес. науч.-техн. и произв. журн.
Заглавие Молочная промышленность
Номер тома 2019, № 11
852 ## - МЕСТОНАХОЖДЕНИЕ И ШИФР ХРАНЕНИЯ
Идентификатор организации NLR
Шифр хранения (Call Number) П14/75
942 ## - ДОПОЛНИТЕЛЬНЫЕ ЭЛЕМЕНТЫ ЗАПИСИ (АБИС)
Тип экземпляра АБИС Выпуск
980 ## - КОЛЛЕКЦИЯ
Название коллекции Национальная библиография
980 ## - КОЛЛЕКЦИЯ
Название коллекции Русская периодика

Нет доступных экземпляров.